[Event "Provence-ch prom Vitrolles 0001"]
[Site "France"]
[Date "2001.??.??"]
[Round "5"]
[White "Burkel, Kevin"]
[Black "Blanchard, Jean Claude"]
[Result "1-0"]
[WhiteElo "1850"]
[BlackElo "1810"]
[PlyCount "61"]
[EventDate "2000.??.??"]
[EventType "tourn"]
[EventRounds "9"]
[EventCountry "FRA"]
[SourceTitle "EXT 2005"]
[Source "ChessBase"]
[SourceDate "2004.11.15"]
[SourceVersion "1"]
[SourceVersionDate "2004.11.15"]
[SourceQuality "1"]

1. d4 Nf6 2. Nf3 d5 3. c4 dxc4 4. Nc3 g6 5. Bf4 Bg7 6. e3 Bg4 7. Bxc4 0-0 8. h3 Bf5 9. 0-0 Ne4 10. Bd3 Nxc3 11. bxc3 Bxd3 12. Qxd3 Nc6 13. Rab1 Rb8 14. Qc4 e6 15. Rb2 Qd7 16. Rfb1 b6 17. Qb5 Rfd8 18. Qg5 Ne7 19. e4 Rbc8 20. Qh4 c5 21. Bg5 Re8 22. Bf6 Bxf6 23. Qxf6 cxd4 24. Ne5 Qc7 25. Qxf7+ Kh8 26. Qf6+ Kg8 27. Qxe6+ Kg7 28. Qf7+ Kh8 29. Qf6+ Kg8 30. Nf7 h6 31. Nd6 1-0